00283nam a2200121Ia 4500008004100000082001600041100001700057245003500074250000800109260002700117300000900144650000800153191201s2007 xx 000 0 und d a657.42bDRM aDRURY, Colin 0aManagement and Cost Accounting a6th aN.DelhibThomsonc2007 a1280 aMBA